Biological thermodynamics. (Record no. 163588)

MARC details
000 -LEADER
fixed length control field 00522nam a2200205Ia 4500
003 - CONTROL NUMBER IDENTIFIER
control field OSt
005 - DATE AND TIME OF LATEST TRANSACTION
control field 20230504143603.0
008 - FIXED-LENGTH DATA ELEMENTS--GENERAL INFORMATION
fixed length control field 210423s2004 xx 000 0 und d
020 ## - INTERNATIONAL STANDARD BOOK NUMBER
International Standard Book Number 521704049
040 ## - CATALOGING SOURCE
Transcribing agency AL
041 ## - LANGUAGE CODE
Language code of text/sound track or separate title eng
082 ## - DEWEY DECIMAL CLASSIFICATION NUMBER
Classification number 574.1916
Edition number 23
Item number HAYD
100 ## - MAIN ENTRY--PERSONAL NAME
Personal name HAYNIE (Donald T).
9 (RLIN) 64300
245 ## - TITLE STATEMENT
Title Biological thermodynamics.
260 ## - PUBLICATION, DISTRIBUTION, ETC.
Place of publication, distribution, etc. Bangalore
Name of publisher, distributor, etc. Cambridge University Press
Date of publication, distribution, etc. 2004
300 ## - PHYSICAL DESCRIPTION
Extent xv,379
Other physical details PB
365 ## - TRADE PRICE
Price amount 395
Currency code INR
906 ## - LOCAL DATA ELEMENT F, LDF (RLIN)
a Biological ; thermodynamics.
942 ## - ADDED ENTRY ELEMENTS (KOHA)
Source of classification or shelving scheme Dewey Decimal Classification
Koha item type Book
Holdings
Withdrawn status Lost status Damaged status Not for loan Collection code Home library Current library Date acquired Source of acquisition Cost, normal purchase price Total Checkouts Full call number Barcode Date last seen Date last checked out Price effective from Koha item type
        Bio Technology St Aloysius PG Library St Aloysius PG Library 06/25/2008 Athulya Books 395.00 1 574.1916 HAYD PG010084 11/04/2023 10/27/2023 04/26/2021 Book
        Bio Chemistry St Aloysius PG Library St Aloysius PG Library 11/03/2009 Cambridge University Press 395.00 3 574.1916 HAYD PG010638 11/17/2023 11/15/2023 04/26/2021 Book